| 000 | 00468nam a2200169Ia 4500 | ||
|---|---|---|---|
| 008 | 151021s9999 xx 000 0 und d | ||
| 020 | _a9.7800735207e+012 | ||
| 050 | _aRC 86.7.P362 2008 | ||
| 245 | _a_The paramedics | ||
| 260 | _aNew York McGraw Hill 2008 | ||
| 300 | _axlvi,1426p;ill. | ||
| 500 | _aIncludes index | ||
| 500 | _aIncludes index | ||
| 650 | _a_Medical emergencies. | ||
| 700 | _a_Angel Clark Burba | ||
| 980 | _a^d20141008 10:53:49^okorir | ||
| 999 |
_c14961 _d14961 |
||